书目信息 |
| 题名: |
公路工程建设标准管理法规文件选编
|
|
| 作者: | ;交通运输部公路局 编 | |
| 分册: | ||
| 出版信息: | 北京 人民交通出版社股份有限公司 2021.11 |
|
| 页数: | 244页 | |
| 开本: | 26cm | |
| 丛书名: | ||
| 单 册: | ||
| 中图分类: | D922.296.9 | |
| 科图分类: | ||
| 主题词: | 道路工程--dao lu gong cheng--法规--中国--2021--汇编 | |
| 电子资源: | ||
| ISBN: | 978-7-114-17101-7 | |
| 000 | 01030nam0 2200229 450 | |
| 001 | 26545 | |
| 005 | 20220920131207.67 | |
| 010 | @a978-7-114-17101-7@dCNY90.00 | |
| 100 | @a20220111d2021 em y0chiy50 ea | |
| 101 | 0 | @achi |
| 102 | @aCN@b110000 | |
| 105 | @aa z 000yy | |
| 200 | 1 | @a公路工程建设标准管理法规文件选编@Agong lu gong cheng jian she biao zhun guan li fa gui wen jian xuan bian@e2021年版@f交通运输部公路局编 |
| 210 | @a北京@c人民交通出版社股份有限公司@d2021.11 | |
| 215 | @a244页@c图@d26cm | |
| 330 | @a本书收录了涉及公路工程建设标准管理的法律、法规、部门规章和规范性文件共计46篇, 包括: 中华人民共和国公路法、中华人民共和国标准化法、中华人民共和国预算法、中华人民共和国政府采购法、中华人民共和国科学技术普及法等。各文件均为现行有效。 | |
| 517 | 1 | @a2021年版@A2021 nian ban |
| 606 | 0 | @a道路工程@Adao lu gong cheng@x法规@y中国@z2021@j汇编 |
| 690 | @aD922.296.9@v5 | |
| 711 | 02 | @a交通运输部公路局@Ajiao tong yun shu bu gong lu ju@4编 |
| 801 | 0 | @aCN@c20220910 |
| 905 | @a河南城建学院图书馆@dD922.296.9@eJ650@f2 | |
| 公路工程建设标准管理法规文件选编:2021年版/交通运输部公路局编.-北京:人民交通出版社股份有限公司,2021.11 |
| 244页:图;26cm |
| ISBN 978-7-114-17101-7:CNY90.00 |
| 本书收录了涉及公路工程建设标准管理的法律、法规、部门规章和规范性文件共计46篇, 包括: 中华人民共和国公路法、中华人民共和国标准化法、中华人民共和国预算法、中华人民共和国政府采购法、中华人民共和国科学技术普及法等。各文件均为现行有效。 |
| ● |
| 相关链接 |
|
|
|
正题名:公路工程建设标准管理法规文件选编
索取号:D922.296.9/J650
 
预约/预借
| 序号 | 登录号 | 条形码 | 馆藏地/架位号 | 状态 | 备注 |
| 1 | 1577751 | 215777513 | 社科库509/509社科库 88排3列5层/ [索取号:D922.296.9/J650] | 在馆 | |
| 2 | 1577752 | 215777522 | 社科库509/509社科库 88排3列5层/ [索取号:D922.296.9/J650] | 在馆 |